00510nam a2200193 a 4500001001300000003000900013005001700022008004100039020000900080082001600089100001700105245005900122260002800181300000900209500003500218505002400253650002200277700001700299nice12345678IN_TiNIC20260116013501.0050524s1978 dela grp 000 0 eng  ac9500a297.63bNAR aNarayan, B K aMohammadb the Prophet of Islam: a Flame in the Desert aDelhibLancer Pubc1978 a205p aincludes index and biblioraphy2 aIndex, Bibliography aMuhammad, Prophet1 aNarayan, B K